00477nam a2200145Ia 4500008004100000041000800041082001500049100001800064245003500082260003800117300003100155365000700186999001500193952012300208240624s9999 xx 000 0 und d aeng a368.38 SEE aSEETHAPATHI K aGROUP AND HEALTH INSURANCE III c2002aHyderabadbICFAI University aiii, : 183 : p. : cm. ; 23 cRS c2871d2871 02104070aIMTNbIMTNcRack 16-Bd2005-12-08eICFAIg300.00o368.38 SEEp2871r2024-06-24 00:00:00t1w2024-06-24yBK